000 00291nam a22001217a 4500
008 170504b xxu||||| |||| 00| 0 eng d
041 _aeng
080 _a347
100 _a14
101 _aSHJ
245 _aDEKLARATA UNIVERSALE MBI TE DREJTAT NJERIUT
_cALFREDSON.G
942 _2udc
_cBK
999 _c12711
_d12711